[Event "YOUR WORST KNIGHTMARE"]
[Site "SchemingMind.com"]
[Date "2019.08.08"]
[Round "-"]
[White "DLambourne"]
[Black "grabapawn"]
[Result "1-0"]
[WhiteCountry "ENG"]
[BlackCountry "USA"]
[WhiteElo "2149"]
[WhiteRD "171"]
[BlackElo "1453"]
[BlackRD "54"]
[GameID "444529"]

1. d4 d6 2. Nf3 Nf6 3. c4 Nbd7 4. g3 e5 5. Bg2 c6 6. dxe5 dxe5 7. O-O Be7 8. Nc3 Qc7 9. Ng5 h6 10. Nge4 Nf8
11. Nxf6+ gxf6 12. b3 Ng6 13. Bb2 Bd7 14. Rc1 O-O-O 15. Nb5 Qb6 16. Nd6+ Bxd6 17. Qxd6 Qc7 18. Qxf6 Be6 19. Be4 h5 20. Bxg6 Rhf8
21. Bxe5 Qa5 22. Bf5 Bxf5 23. Qxf5+ Rd7 24. Rfd1 Rd8 25. c5 Qxa2 26. Rxd7 Rxd7 27. Rd1
1-0

[Event "YOUR WORST KNIGHTMARE"]
[Site "SchemingMind.com"]
[Date "2019.08.09"]
[Round "-"]
[White "Steven DuCharme"]
[Black "DLambourne"]
[Result "0-1"]
[WhiteCountry "USA"]
[BlackCountry "ENG"]
[WhiteElo "1538"]
[WhiteRD "53"]
[BlackElo "2149"]
[BlackRD "171"]
[GameID "444530"]

1. b3 e5 2. Bb2 Nc6 3. g3 Nf6 4. Bg2 d6 5. d3 Be7 6. Nf3 O-O 7. O-O Rb8 8. a4 e4 9. dxe4 Nxe4 10. Nbd2 Nxd2
11. Qxd2 Bf6 12. c4 Bxb2 13. Qxb2 a5 14. Rfd1 Qe7 15. Rac1 Re8 16. e3 Ne5 17. Nxe5 Qxe5 18. Qxe5 dxe5 19. c5 c6 20. Rc4 Be6
21. Rc3 Red8 22. Rcd3 Rxd3 23. Rxd3 Kf8 24. Bf1 e4 25. Rc3 Rd8 26. Kg2 Rd2 27. Bc4 Ke7 28. Bxe6 Kxe6 29. h3 Rd3 30. Rxd3 exd3
31. Kf1 Kd5 32. Ke1 Kxc5 33. Kd2 Kb4
0-1

[Event "YOUR WORST KNIGHTMARE"]
[Site "SchemingMind.com"]
[Date "2019.08.08"]
[Round "-"]
[White "DLambourne"]
[Black "Kenny Elliott"]
[Result "1-0"]
[WhiteCountry "ENG"]
[BlackCountry "USA"]
[WhiteElo "2149"]
[WhiteRD "171"]
[BlackElo "1597"]
[BlackRD "67"]
[GameID "444531"]

1. d4 Nf6 2. c4 g6 3. Nf3 Bg7 4. Nc3 O-O 5. g3 c6 6. Bg2 d5 7. cxd5 cxd5 8. O-O Nc6 9. a3 a6 10. b4 b5
11. Bf4 Bf5 12. Ne5 Nxe5 13. Bxe5 Be6 14. Qd2 Rc8 15. Rfc1 Nd7 16. Bxg7 Kxg7 17. Nxd5 Bxd5 18. Bxd5 Nf6 19. Bf3 Qb6 20. e3 Rc7
21. Rxc7 Qxc7 22. Rc1 Qd7 23. Qc2 Rd8 24. Qc7 e6 25. Qb6 e5 26. dxe5 Nd5 27. Qxa6 Nc7 28. Qf6+ Kf8 29. Bg4 Ne8 30. Qh8+ Ke7
31. Bxd7
1-0

[Event "YOUR WORST KNIGHTMARE"]
[Site "SchemingMind.com"]
[Date "2019.08.08"]
[Round "-"]
[White "DLambourne"]
[Black "Phillip Beckett"]
[Result "1-0"]
[WhiteCountry "ENG"]
[BlackCountry "ENG"]
[WhiteElo "2098"]
[WhiteRD "302"]
[BlackElo "1476"]
[BlackRD "49"]
[GameID "444532"]

1. d4 d5 2. c4 e6 3. Nc3 Nf6 4. Nf3 Be7 5. Bg5 h6 6. Bh4 O-O 7. e3 Ne4 8. Bxe7 Qxe7 9. cxd5 Nxc3 10. bxc3 exd5
11. Be2 Bg4 12. O-O c6 13. Qb3 Qc7 14. c4 dxc4 15. Qxc4 Nd7 16. Qc2 Nf6 17. h3 Bh5 18. Rfc1 Ne4 19. Qxe4 Rae8 20. Qc2 f5
21. Ne5 Bxe2 22. Qxe2 Rf6 23. f4
1-0

[Event "YOUR WORST KNIGHTMARE"]
[Site "SchemingMind.com"]
[Date "2019.08.09"]
[Round "-"]
[White "kenneth m day"]
[Black "DLambourne"]
[Result "0-1"]
[WhiteCountry "USA"]
[BlackCountry "ENG"]
[WhiteElo "1692"]
[WhiteRD "51"]
[BlackElo "2185"]
[BlackRD "158"]
[GameID "444533"]

1. e4 c5 2. d4 cxd4 3. c3 dxc3 4. Nxc3 Nc6 5. Nf3 g6 6. Bc4 Bg7 7. Bd2 d6 8. O-O e6 9. Rc1 Nge7 10. Bg5 O-O
11. Re1 h6 12. Be3 f5 13. Rc2 fxe4 14. Nd4 d5 15. Nxc6 Nxc6 16. Nxd5 exd5 17. Bxd5+ Kh8 18. Rd2 Qe7 19. Rc2 Rd8 20. Rd2 Bf5
21. Qc1 Ne5 22. Red1 Rac8 23. Qb1 Nf3+ 24. gxf3 exf3 25. Qa1 Rxd5 26. Rxd5 Be4 27. R5d2 Qh4 28. Bd4 Qg4+ 29. Kf1 Qg2+
0-1

[Event "YOUR WORST KNIGHTMARE"]
[Site "SchemingMind.com"]
[Date "2019.08.08"]
[Round "-"]
[White "Helga1946"]
[Black "DLambourne"]
[Result "0-1"]
[WhiteCountry "GER"]
[BlackCountry "ENG"]
[WhiteElo "1916"]
[WhiteRD "56"]
[BlackElo "2257"]
[BlackRD "146"]
[GameID "444534"]

1. c4 e5 2. Nc3 Nf6 3. Nf3 Nc6 4. e3 d6 5. d4 exd4 6. exd4 Be7 7. Be2 d5 8. Ne5 dxc4 9. Nxc6 bxc6 10. Bxc4 O-O
11. O-O Nd5 12. Re1 Be6 13. Bxd5 cxd5 14. Bf4 c6 15. Rc1 Re8 16. h3 Qa5 17. Re3 Rac8 18. a3 Bf8 19. Rc2 Bf5 20. Rce2 Rxe3
21. Rxe3 Qb6 22. Qd2 h6 23. Kh1 g6 24. Be5 h5 25. Rf3 Qd8 26. Ne2 Be4
0-1

[Event "YOUR WORST KNIGHTMARE"]
[Site "SchemingMind.com"]
[Date "2019.08.14"]
[Round "-"]
[White "roscoe"]
[Black "Matthew Bailey"]
[Result "0-1"]
[WhiteCountry "USA"]
[BlackCountry "ENG"]
[WhiteElo "1316"]
[WhiteRD "86"]
[BlackElo "2279"]
[BlackRD "59"]
[GameID "444668"]

1. d4 f5 2. Nf3 Nf6 3. e3 e6 4. Nbd2 b6 5. g3 Be7 6. Bg2 Bb7 7. O-O O-O 8. c4 c6 9. Re1 c5 10. d5 exd5
11. cxd5 Bxd5 12. b3 Nc6 13. Bb2 Nb4 14. Bxf6 Bxf6 15. e4 fxe4 16. Nxe4 Bxa1 17. Re2 Bf6 18. Nxf6+ Qxf6 19. a3 Bxf3 20. Bxf3 Qxf3
0-1

[Event "YOUR WORST KNIGHTMARE"]
[Site "SchemingMind.com"]
[Date "2019.08.13"]
[Round "-"]
[White "im_cincinnati_kid37"]
[Black "Matthew Bailey"]
[Result "0-1"]
[WhiteCountry "USA"]
[BlackCountry "ENG"]
[WhiteElo "1236"]
[WhiteRD "81"]
[BlackElo "2232"]
[BlackRD "65"]
[GameID "444669"]

1. e4 c5 2. f4 e6 3. Nf3 Nc6 4. c3 d5 5. d4 dxe4 6. Ng5 f5 7. Bb5 cxd4 8. cxd4 Nf6 9. Be3 h6 10. Nh3 Ng4
11. Qe2 Kf7 12. Qd2 Nxe3 13. Qxe3 Nxd4 14. Bc4 Nc2+ 15. Ke2 Nxe3 16. Kxe3 b5 17. Be2 Bc5#
0-1

[Event "YOUR WORST KNIGHTMARE"]
[Site "SchemingMind.com"]
[Date "2019.08.14"]
[Round "-"]
[White "grabapawn"]
[Black "Matthew Bailey"]
[Result "0-1"]
[WhiteCountry "USA"]
[BlackCountry "ENG"]
[WhiteElo "1475"]
[WhiteRD "51"]
[BlackElo "2232"]
[BlackRD "65"]
[GameID "444670"]

1. d4 f5 2. Bf4 Nf6 3. e3 e6 4. Be2 Be7 5. h4 O-O 6. h5 h6 7. Nf3 d6 8. Nh4 Nxh5 9. Bxh5 Bxh4 10. Qf3 Nd7
11. g3 Be7 12. Bg6 Rf6 13. Bh5 c6 14. Nd2 e5 15. dxe5 dxe5 16. g4 exf4 17. O-O-O g6 18. g5 Rd6 19. Bxg6 Rxg6 20. Rxh6 Rxh6
21. gxh6 Qf8 22. Rg1+ Kh8 23. Qh5 Nf6 24. Qh3 fxe3 25. fxe3 f4 26. Qh1 fxe3 27. Nf3 Ng4 28. Nh4 Qf6 29. h7 Qxh4 30. Qe4 Qf2
31. Qd4+ Bf6 32. Qd1 Bf5
0-1

[Event "YOUR WORST KNIGHTMARE"]
[Site "SchemingMind.com"]
[Date "2019.08.14"]
[Round "-"]
[White "Matthew Bailey"]
[Black "DLambourne"]
[Result "1-0"]
[WhiteCountry "ENG"]
[BlackCountry "ENG"]
[WhiteElo "2279"]
[WhiteRD "59"]
[BlackElo "2149"]
[BlackRD "171"]
[GameID "444671"]

1. e4 c5 2. Nf3 d6 3. d4 cxd4 4. Nxd4 Nf6 5. Nc3 a6 6. Be3 e5 7. Nb3 Be7 8. Be2 O-O 9. g4 Be6 10. g5 Nfd7
11. h4 a5 12. f4 a4 13. f5 axb3 14. cxb3 Nc6 15. O-O Nd4 16. fxe6 fxe6 17. Qd2 Nxe2+ 18. Qxe2 Qe8 19. Rad1 Rxf1+ 20. Rxf1 Nc5
21. h5 Qd7 22. g6 Na6 23. Qf3 Rf8 24. Qxf8+ Bxf8 25. Rxf8+
1-0

[Event "YOUR WORST KNIGHTMARE"]
[Site "SchemingMind.com"]
[Date "2019.08.14"]
[Round "-"]
[White "Matthew Bailey"]
[Black "kenneth m day"]
[Result "1-0"]
[WhiteCountry "ENG"]
[BlackCountry "USA"]
[WhiteElo "2279"]
[WhiteRD "59"]
[BlackElo "1720"]
[BlackRD "51"]
[GameID "444672"]

1. e4 e5 2. Nf3 Nc6 3. d4 exd4 4. Nxd4 Bc5 5. Nxc6 bxc6 6. Bd3 Nf6 7. e5 Nd5 8. c4 Ne7 9. O-O O-O 10. Qh5 Ng6
11. Nd2 Qh4 12. Bxg6 Qxh5 13. Bxh5 d6 14. Nb3 Bb6 15. Bf4 Be6 16. Rac1 Rad8 17. exd6 cxd6 18. Bf3 d5 19. c5 Bxc5 20. Rxc5
1-0

[Event "YOUR WORST KNIGHTMARE"]
[Site "SchemingMind.com"]
[Date "2019.08.14"]
[Round "-"]
[White "Matthew Bailey"]
[Black "Helga1946"]
[Result "1-0"]
[WhiteCountry "ENG"]
[BlackCountry "GER"]
[WhiteElo "2363"]
[WhiteRD "63"]
[BlackElo "1916"]
[BlackRD "56"]
[GameID "444673"]

1. e4 e5 2. Nf3 Nc6 3. d4 exd4 4. Nxd4 Qh4 5. Nc3 Bb4 6. Be2 Qxe4 7. Nb5 Bxc3+ 8. bxc3 Kd8 9. O-O Nf6 10. Be3 Re8
11. Re1 d6 12. Bf3 Qe6 13. Nd4 Qc4 14. Qd2 Ne5 15. Be2 Qd5 16. Bg5 c5 17. f4 cxd4 18. fxe5 dxe5 19. Bf3 e4 20. c4 Qxc4
21. Bxe4 Qc5 22. c3 Qxc3 23. Bxf6+ gxf6 24. Qf2 Re6 25. Bd5 Rxe1+ 26. Rxe1 d3 27. Bxf7 Bd7 28. Bb3 Rc8 29. h3 Kc7 30. Re4 Bb5
31. Qxa7 Re8 32. Rxe8 Bxe8 33. Qe3 Bc6 34. g3 f5 35. Kf2 Be4 36. g4 Qe5 37. gxf5 Qxf5+ 38. Ke1 Qe5 39. Kd2 Kb8 40. Ke1 Qc3+
41. Kd1 Qa1+ 42. Kd2 Qe5 43. Qf2 Bf5 44. Qf3 Qb2+ 45. Kd1
1-0

[Event "YOUR WORST KNIGHTMARE"]
[Site "SchemingMind.com"]
[Date "2019.08.14"]
[Round "-"]
[White "Matthew Bailey"]
[Black "Steven DuCharme"]
[Result "1-0"]
[WhiteCountry "ENG"]
[BlackCountry "USA"]
[WhiteElo "2232"]
[WhiteRD "65"]
[BlackElo "1483"]
[BlackRD "59"]
[GameID "444674"]

1. e4 d6 2. d4 Nf6 3. Nc3 g6 4. Be2 Bg7 5. Qd3 O-O 6. Nf3 a6 7. O-O b6 8. Rd1 Bb7 9. Bf4 Nbd7 10. e5 dxe5
11. dxe5 Nh5 12. Bg5 Bc6 13. e6 fxe6 14. Qc4 Bxf3 15. Qxe6+
1-0

[Event "YOUR WORST KNIGHTMARE"]
[Site "SchemingMind.com"]
[Date "2019.08.14"]
[Round "-"]
[White "Kenny Elliott"]
[Black "Matthew Bailey"]
[Result "0-1"]
[WhiteCountry "USA"]
[BlackCountry "ENG"]
[WhiteElo "1585"]
[WhiteRD "74"]
[BlackElo "2232"]
[BlackRD "65"]
[GameID "444675"]

1. d4 f5 2. c4 Nf6 3. Nc3 e6 4. Bg5 b6 5. Nf3 Bb4 6. Qb3 Bxc3+ 7. Qxc3 h6 8. Bh4 g5 9. Bxg5 hxg5 10. Nxg5 Bb7
11. Qd3 Qe7 12. Nf3 Nc6 13. g3 Qb4+ 14. Nd2 Qxb2 15. Rb1 Nb4 16. Qb3 Qxb3 17. Rxb3 Nc2+ 18. Kd1 Nxd4 19. Rd3 Ng4 20. Rxd4 Nxf2+
21. Ke1 Nxh1
0-1

[Event "YOUR WORST KNIGHTMARE"]
[Site "SchemingMind.com"]
[Date "2019.08.14"]
[Round "-"]
[White "Phillip Beckett"]
[Black "Matthew Bailey"]
[Result "0-1"]
[WhiteCountry "ENG"]
[BlackCountry "ENG"]
[WhiteElo "1476"]
[WhiteRD "49"]
[BlackElo "2232"]
[BlackRD "65"]
[GameID "444676"]

1. e4 c5 2. Nf3 Nc6 3. d4 cxd4 4. Nxd4 e5 5. Nb5 d6 6. N1c3 a6 7. Na3 b5 8. Nd5 Nf6 9. Bg5 Be7 10. Bxf6 Bxf6
11. c3 Be6 12. Nc2 O-O 13. Nxf6+ Qxf6 14. Ne3 Rfd8 15. Nd5 Qg6 16. Qf3 Bxd5 17. exd5 Ne7 18. Bd3 f5 19. Qg3 Nxd5 20. Qxg6 hxg6
21. h4 Nf4 22. Bf1 d5 23. g3 Ne6 24. Bg2 e4 25. O-O-O Rac8 26. h5 gxh5 27. Rxh5 g6 28. Rh6 Kg7 29. Rdh1 Ng5 30. R6h2 d4
31. Rh6 b4 32. f4 exf3
0-1

[Event "YOUR WORST KNIGHTMARE"]
[Site "SchemingMind.com"]
[Date "2019.08.15"]
[Round "-"]
[White "splinter"]
[Black "im_cincinnati_kid37"]
[Result "1-0"]
[WhiteCountry "CAN"]
[BlackCountry "USA"]
[WhiteElo "1803"]
[WhiteRD "78"]
[BlackElo "1236"]
[BlackRD "81"]
[GameID "444677"]

1. c4 g6 2. g3 Nf6 3. Bg2 Bg7 4. Nc3 c6 5. Nf3 d6 6. O-O O-O 7. d4 Be6 8. d5 cxd5 9. cxd5 Bd7 10. e4 Ne8
11. Be3 b6 12. Rc1 Bc8 13. Qd2 Bf6 14. Bh6 Bg7 15. Bxg7 Nxg7 16. Qh6 f6 17. Qd2 Ba6 18. Rfe1 Nd7 19. Rc2 Rc8 20. Rec1 Nc5
21. Ne1 Rc7 22. b4 Nd7 23. b5 Bb7 24. Nd3 g5 25. Ne2 h6 26. Rxc7 Nc5 27. Nxc5 Qxc7 28. Ne6 Qd7 29. Rc7 Qxb5 30. Rxb7 Nxe6
31. dxe6 Ra8 32. Rxe7 a5 33. Qc2 Qxe2 34. Qxe2 Kf8 35. Rf7+ Kg8 36. Qh5 Rf8 37. Qg6+ Kh8 38. Rh7#
1-0

[Event "YOUR WORST KNIGHTMARE"]
[Site "SchemingMind.com"]
[Date "2019.08.14"]
[Round "-"]
[White "splinter"]
[Black "grabapawn"]
[Result "1-0"]
[WhiteCountry "CAN"]
[BlackCountry "USA"]
[WhiteElo "1803"]
[WhiteRD "78"]
[BlackElo "1475"]
[BlackRD "51"]
[GameID "444678"]

1. c4 d6 2. g3 Nf6 3. Bg2 Nc6 4. Nf3 e5 5. Nc3 Bf5 6. O-O Be7 7. d3 Qd7 8. Nd5 Nxd5 9. cxd5 Nd4 10. Nxd4 exd4
11. e3 O-O-O 12. e4 Bg6 13. a4 h5 14. b4 h4 15. b5 hxg3 16. fxg3 Rh7 17. Rf2 Rdh8 18. Bf1 Bh5 19. Qc2 g5 20. Ra2 Bg4
21. Qb3 Bf3 22. Rxf3 Qg4 23. Rff2 Qh5 24. Rac2 Bd8 25. b6 a6 26. bxc7 Bxc7 27. Ba3 Kd7 28. Qxb7 Rc8 29. Rc6 g4 30. Rxd6+
1-0

[Event "YOUR WORST KNIGHTMARE"]
[Site "SchemingMind.com"]
[Date "2019.08.14"]
[Round "-"]
[White "kenneth m day"]
[Black "splinter"]
[Result "1/2-1/2"]
[WhiteCountry "USA"]
[BlackCountry "CAN"]
[WhiteElo "1692"]
[WhiteRD "51"]
[BlackElo "1814"]
[BlackRD "77"]
[GameID "444679"]

1. e4 c5 2. d4 cxd4 3. c3 dxc3 4. Nxc3 Nc6 5. Nf3 d6 6. Bc4 a6 7. a3 Nf6 8. Qe2 e6 9. O-O Be7 10. Rd1 Qc7
11. Bf4 O-O 12. Rac1 b5 13. Ba2 Bb7 14. Qe3 Ng4 15. Qe2 e5 16. Bg3 Qd7 17. h3 Nf6 18. Nxe5 Nxe5 19. Bxe5 Rfd8 20. Bh2 Qe8
21. f3 Bf8 22. Rd2 Rac8 23. Rcd1 Kh8 24. Bxd6 Bxd6 25. Rxd6 Rxd6 26. Rxd6 Qe5 27. Qd3 Kg8 28. Qd4 Qxd4+ 29. Rxd4 Rf8 30. Nd5 Bxd5
31. Bxd5 Nxd5 32. exd5 Rd8 33. Kf2 f5 34. Ke3 Kf7 35. Kf4 Kf6 36. g4 g5+ 37. Ke3 f4+ 38. Kd3 Rd7 39. b3 Ke5 40. Kc3=
1/2-1/2

[Event "YOUR WORST KNIGHTMARE"]
[Site "SchemingMind.com"]
[Date "2019.08.14"]
[Round "-"]
[White "Helga1946"]
[Black "splinter"]
[Result "1-0"]
[WhiteCountry "GER"]
[BlackCountry "CAN"]
[WhiteElo "2235"]
[WhiteRD "64"]
[BlackElo "1814"]
[BlackRD "77"]
[GameID "444680"]

1. d4 Nf6 2. c3 d5 3. Bg5 Nc6 4. Bxf6 exf6 5. e3 Bd6 6. h4 f5 7. Qf3 Bd7 8. Qxd5 O-O 9. Nd2 Ne7 10. Qb3 b6
11. Be2 Bc6 12. Ngf3 Bb7 13. a4 Nd5 14. a5 Nf6 15. Bd3 f4 16. e4 Ne8 17. a6 Bc8 18. e5 Be7 19. Be4 Rb8 20. d5 Kh8
21. Nd4 Bxh4 22. Nc6 Qg5 23. Qb4 Rg8 24. Nf3 Qxg2 25. Nxh4 Qg5 26. Nf3 Qg4 27. Rxh7#
1-0

[Event "YOUR WORST KNIGHTMARE"]
[Site "SchemingMind.com"]
[Date "2019.08.15"]
[Round "-"]
[White "roscoe"]
[Black "splinter"]
[Result "0-1"]
[WhiteCountry "USA"]
[BlackCountry "CAN"]
[WhiteElo "1316"]
[WhiteRD "86"]
[BlackElo "1812"]
[BlackRD "76"]
[GameID "444681"]

1. d4 Nf6 2. Nf3 g6 3. Nbd2 Bg7 4. e4 d6 5. h3 O-O 6. c4 Nbd7 7. b4 b6 8. Bb2 Nh5 9. a3 Bb7 10. Be2 Nf4
11. Bf1 c5 12. bxc5 bxc5 13. Rb1 Rb8 14. dxc5 Nxc5 15. Bxg7 Kxg7 16. g3 Nfd3+ 17. Bxd3 Nxd3+ 18. Ke2 Nc5 19. Re1 Qd7 20. Ng1 f5
21. exf5 Qxf5 22. Ndf3 Bxf3+ 23. Nxf3 Qxf3+ 24. Kd2 Qd3+
0-1

[Event "YOUR WORST KNIGHTMARE"]
[Site "SchemingMind.com"]
[Date "2019.08.14"]
[Round "-"]
[White "Steven DuCharme"]
[Black "splinter"]
[Result "0-1"]
[WhiteCountry "USA"]
[BlackCountry "CAN"]
[WhiteElo "1528"]
[WhiteRD "53"]
[BlackElo "1814"]
[BlackRD "77"]
[GameID "444682"]

1. c4 c5 2. g3 g6 3. Bg2 Bg7 4. Nc3 Nc6 5. Nf3 Nf6 6. O-O O-O 7. d4 cxd4 8. Nxd4 Nxd4 9. Qxd4 d6 10. e4 Nd7
11. Qd1 Ne5 12. Qe2 Qc7 13. Nd5 Qd8 14. f4 Nc6 15. Be3 e6 16. Nc3 Qe7 17. Rad1 a6 18. a3 Qc7 19. Na4 Qa5 20. Nb6 Rb8
21. Qd2 Qxd2 22. Rxd2 f5 23. Nxc8 Rbxc8 24. b4 Rfd8 25. Rfd1 Bf8 26. Bb6 Re8 27. e5 dxe5 28. fxe5 Nxe5 29. c5 Nc4 30. Rd7 Nxb6
31. cxb6 e5 32. Bd5+ Kh8 33. Bxb7 Rc3 34. Bxa6 Rxa3 35. b5 Bc5+ 36. Kg2 Bxb6 37. Rb7 Bd4 38. Rc7 Ra2+ 39. Kh3 g5 40. Rh1 Rf8
41. Bb7 Bb6 42. Rc6 Bd8 43. g4 f4 44. Rc3 Ba5 45. Rb3 Rf6 46. Rd1 Rh6#
0-1

[Event "YOUR WORST KNIGHTMARE"]
[Site "SchemingMind.com"]
[Date "2019.08.14"]
[Round "-"]
[White "splinter"]
[Black "Kenny Elliott"]
[Result "1-0"]
[WhiteCountry "CAN"]
[BlackCountry "USA"]
[WhiteElo "1812"]
[WhiteRD "76"]
[BlackElo "1597"]
[BlackRD "67"]
[GameID "444683"]

1. c4 Nf6 2. g3 g6 3. Bg2 Bg7 4. Nf3 O-O 5. O-O Nc6 6. Nc3 b6 7. d4 Bb7 8. Bf4 d6 9. a3 Re8 10. d5 Na5
11. b3 Qd7 12. Rc1 c5 13. Re1 e5 14. dxe6 Qxe6 15. Nb5 Rec8 16. Ng5 Qd7 17. Nxd6 Bxg2 18. Kxg2 Rc6 19. Ngxf7 Bf8 20. e4 Bxd6
21. Nxd6 Nb7 22. e5 Nxd6 23. exf6 Rf8 24. Qd5+ Rf7 25. Re7 Qxe7 26. fxe7
1-0

[Event "YOUR WORST KNIGHTMARE"]
[Site "SchemingMind.com"]
[Date "2019.08.14"]
[Round "-"]
[White "splinter"]
[Black "Phillip Beckett"]
[Result "1-0"]
[WhiteCountry "CAN"]
[BlackCountry "ENG"]
[WhiteElo "1803"]
[WhiteRD "78"]
[BlackElo "1476"]
[BlackRD "49"]
[GameID "444684"]

1. c4 e5 2. Nc3 Nf6 3. g3 d5 4. cxd5 Nxd5 5. Qb3 Nxc3 6. Qxc3 Nc6 7. Bg2 Qd6 8. e3 Bd7 9. Ne2 f6 10. O-O h5
11. a3 O-O-O 12. b4 Kb8 13. b5 Ne7 14. a4 c6 15. Ba3 Qc7 16. Rfc1 b6 17. Bxe7 Bxe7 18. bxc6 Bg4 19. f3 Be6 20. Rc2 Bf5
21. e4 Be6 22. Rb2 h4 23. a5 Bc5+ 24. Qxc5 Ka8 25. axb6
1-0

[Event "YOUR WORST KNIGHTMARE"]
[Site "SchemingMind.com"]
[Date "2019.08.14"]
[Round "-"]
[White "splinter"]
[Black "DLambourne"]
[Result "0-1"]
[WhiteCountry "CAN"]
[BlackCountry "ENG"]
[WhiteElo "1814"]
[WhiteRD "77"]
[BlackElo "2185"]
[BlackRD "158"]
[GameID "444685"]

1. c4 e5 2. Nc3 Nf6 3. g3 Nc6 4. Bg2 Bc5 5. Nf3 O-O 6. O-O d6 7. d3 h6 8. a3 Nd4 9. e3 Nxf3+ 10. Bxf3 a6
11. b4 Ba7 12. Bb2 c6 13. Qc2 Bh3 14. Bg2 Bxg2 15. Kxg2 d5 16. cxd5 cxd5 17. Rac1 Rc8 18. Qb1 d4 19. exd4 exd4 20. Ne2 Qd5+
21. Kg1 Ng4 22. f3 Ne5 23. Rxc8 Rxc8 24. Nf4 Qb3 25. Rc1 Rxc1+ 26. Qxc1 g5 27. Qc8+ Kg7 28. Nh5+ Kg6 29. g4 Qd1+ 30. Kg2 Qxf3+
31. Kg1 Qd1+ 32. Kg2 Qe2+ 33. Kg3 Qf3#
0-1

[Event "YOUR WORST KNIGHTMARE"]
[Site "SchemingMind.com"]
[Date "2019.08.14"]
[Round "-"]
[White "Matthew Bailey"]
[Black "splinter"]
[Result "1-0"]
[WhiteCountry "ENG"]
[BlackCountry "CAN"]
[WhiteElo "2279"]
[WhiteRD "59"]
[BlackElo "1812"]
[BlackRD "76"]
[GameID "444686"]

1. e4 c5 2. Nf3 d6 3. Nc3 Nc6 4. d4 cxd4 5. Nxd4 a6 6. Nxc6 bxc6 7. Be2 g6 8. Bf4 Bg7 9. Qd2 Be6 10. O-O Nf6
11. Rad1 O-O 12. h3 Qc7 13. b3 Qa5 14. Nd5 Qd8 15. Nxf6+ Bxf6 16. Bh6 Bg7 17. Bxg7 Kxg7 18. Qc3+ Kg8 19. Qxc6 Rc8 20. Qxa6 Rxc2
21. Bd3 Rc5 22. Qb7 Rg5 23. f4 Rc5 24. f5 gxf5 25. exf5 Bd5 26. Qb4 Qa8 27. f6
1-0

[Event "YOUR WORST KNIGHTMARE"]
[Site "SchemingMind.com"]
[Date "2019.08.16"]
[Round "-"]
[White "im_cincinnati_kid37"]
[Black "ray winteringham"]
[Result "0-1"]
[WhiteCountry "USA"]
[BlackCountry "ENG"]
[WhiteElo "1228"]
[WhiteRD "82"]
[BlackElo "1488"]
[BlackRD "49"]
[GameID "444771"]

1. e4 e5 2. Nf3 Nc6 3. Bb5 d6 4. d4 Bg4 5. Nbd2 f6 6. d5 a6 7. Bxc6+ bxc6 8. dxc6 Ne7 9. b3 Nxc6 10. Bb2 Be7
11. O-O O-O 12. Qe2 f5 13. exf5 Bxf5 14. c4 Bf6 15. Bc3 Be6 16. Ne4 Bf5 17. Nxf6+ Qxf6 18. Rfe1 Bg4 19. Qe4 Bxf3 20. gxf3 Qxf3
21. Qxf3 Rxf3 22. Bd2 Raf8 23. Rf1 Nd4 24. Be1 c6 25. Kg2 R8f5 26. Rd1 Rg5+ 27. Kh1 Nf5 28. Rg1 Rh5 29. Bd2 Rxf2 30. Rg2 Rf3
31. Bc1 Kf8 32. Kg1 Nh4 33. Rg3 Rff5 34. Rxd6 Nf3+ 35. Kg2 Rxh2+ 36. Kf1 Rh1+ 37. Ke2 Nd4+ 38. Kd2 Rf2+ 39. Kd3 Rxc1 40. a4 Nf5
41. Ke4 Nxg3+ 42. Ke3 Nf5+ 43. Kxf2 Nd4 44. Ke3 Nf5+ 45. Kd2 Nxd6 46. Kxc1 h5 47. Kd2 h4 48. Ke2 g5 49. Kf3 Kf7 50. c5 Nc8
51. Kg4 Kg6 52. Kh3 Kf5 53. a5 e4 54. b4 Na7 55. Kg2 Kf4 56. Kf2 h3 57. Kg1 Kf3 58. Kh2 e3 59. Kxh3 e2
0-1

[Event "YOUR WORST KNIGHTMARE"]
[Site "SchemingMind.com"]
[Date "2019.08.15"]
[Round "-"]
[White "grabapawn"]
[Black "ray winteringham"]
[Result "0-1"]
[WhiteCountry "USA"]
[BlackCountry "ENG"]
[WhiteElo "1475"]
[WhiteRD "51"]
[BlackElo "1543"]
[BlackRD "51"]
[GameID "444772"]

1. d4 d5 2. Bf4 Bf5 3. e3 e6 4. c3 Bd6 5. Bg3 Nf6 6. Nf3 h6 7. Nbd2 Bxg3 8. hxg3 a6 9. Nh4 Bg6 10. Ndf3 Bh7
11. Bd3 Bxd3 12. Qxd3 g5 13. Ng6 fxg6 14. Qxg6+ Kd7 15. Ne5+ Kc8 16. Nf7 Qe8 17. Qxf6 Nd7 18. Qf3 Rf8 19. Nd6+ cxd6 20. O-O-O Rxf3
21. gxf3 Qg6
0-1

[Event "YOUR WORST KNIGHTMARE"]
[Site "SchemingMind.com"]
[Date "2019.08.15"]
[Round "-"]
[White "ray winteringham"]
[Black "kenneth m day"]
[Result "0-1"]
[WhiteCountry "ENG"]
[BlackCountry "USA"]
[WhiteElo "1479"]
[WhiteRD "49"]
[BlackElo "1692"]
[BlackRD "51"]
[GameID "444773"]

1. e4 e5 2. Nf3 Nc6 3. Bc4 Bc5 4. Nxe5 Nxe5 5. Bb3 Nf6 6. d4 Bxd4 7. Qxd4 Qe7 8. Bf4 d6 9. O-O O-O 10. Nd2 Be6
11. c3 Nc6 12. Qe3 Rfe8 13. Bc2 Ne5 14. f3 b6 15. Bxe5 dxe5 16. b3 Nd7 17. b4 Nf6 18. Rf2 Rad8 19. a4 Rd7 20. a5 Red8
21. Nf1 Nh5 22. Bd1 Rxd1
0-1

[Event "YOUR WORST KNIGHTMARE"]
[Site "SchemingMind.com"]
[Date "2019.08.16"]
[Round "-"]
[White "ray winteringham"]
[Black "roscoe"]
[Result "1-0"]
[WhiteCountry "ENG"]
[BlackCountry "USA"]
[WhiteElo "1479"]
[WhiteRD "49"]
[BlackElo "1289"]
[BlackRD "84"]
[GameID "444774"]

1. e4 e5 2. Nf3 d6 3. Nc3 Nf6 4. Be2 Be7 5. d4 Nc6 6. Bb5 O-O 7. Bxc6 bxc6 8. O-O Ba6 9. Re1 d5 10. dxe5 dxe4
11. Nxe4 Qxd1 12. Rxd1 Nxe4 13. Be3 Rfd8 14. Rxd8+ Rxd8 15. Bxa7 h6 16. h3 Nd2 17. Be3 Nxf3+ 18. gxf3 Be2 19. Kg2 Rd5 20. f4 c5
21. b3 c4 22. Rc1 Ba3 23. Re1 Bh5 24. Kg3 cxb3 25. axb3 Bb4 26. Ra1 Kh7 27. c4 Rd3 28. Ra7 Rxb3 29. Rxc7 Rc3 30. Kh4 Be2
31. Rxf7 Rxc4 32. Kg3 Bh5 33. Rd7 Bc5 34. Rc7
1-0

[Event "YOUR WORST KNIGHTMARE"]
[Site "SchemingMind.com"]
[Date "2019.08.16"]
[Round "-"]
[White "ray winteringham"]
[Black "Steven DuCharme"]
[Result "1/2-1/2"]
[WhiteCountry "ENG"]
[BlackCountry "USA"]
[WhiteElo "1488"]
[WhiteRD "49"]
[BlackElo "1538"]
[BlackRD "53"]
[GameID "444775"]

1. e4 c6 2. d4 d5 3. exd5 cxd5 4. Be3 Nf6 5. Bd3 g6 6. Ne2 Bg7 7. c3 Ng4 8. O-O Nxe3 9. fxe3 O-O 10. Nd2 e5
11. Qb3 e4 12. Bb1 Nc6 13. a3 f5 14. Qa2 Be6 15. Bc2 Qd6 16. Qb1 b5 17. b4 Rfb8 18. Nb3 a5 19. bxa5 Nxa5 20. Qd1 Nc4
21. Qc1 Bh6 22. Nf4 Bxf4 23. Rxf4 g5 24. Rf1 h5 25. Nc5 Kg7 26. Bd1 Rh8 27. Bb3 h4 28. a4 bxa4 29. Bxa4 Ra7 30. Bb3 Rha8
31. Rxa7+ Rxa7 32. Bxc4 dxc4 33. Qb2 Kg6 34. Ra1 Rxa1+ 35. Qxa1 g4 36. Qa6 Qxa6 37. Nxa6 Bd5 38. Kf2 Kf6 39. Nc5 Ke7 40. g3 h3
41. Ke2 Kd6 42. Na6 Bb7 43. Nc5 Bc8=
1/2-1/2